Biografía del Caribe

Enregistré dans:
Détails bibliographiques
Auteur principal: Arciniegas, German
Format: Livre
Langue:Undetermined
Publié: San José, Costa Rica Libro Libre 1986
Sujets:
Tags: Ajouter un tag
Pas de tags, Soyez le premier à ajouter un tag!

MARC

LEADER 00000nam a2200000Ia 4500
008 170316s9999 xx 000 0 und d
040 |a cru BVZT 
090 |a 860 A-26b 
100 |a Arciniegas, German  |9 999 
245 |a Biografía del Caribe  |c / German Arciniegas  
260 |a San José, Costa Rica  |b Libro Libre  |c 1986 
300 |a 504 páginas 
650 |a LITERATURA LATINOAMERICANA  |9 15 
999 |c 8316  |d 8316 
942 |c 15 D  |h 860 A-26b  |2 z